Bienes personales: adecuaciones positivas y negativas (Registro nro. 35528)

Detalles MARC
000 -LEADER
fixed length control field 00324 a2200109 4500
001 - CONTROL NUMBER
control field ART_55509
005 - DATE AND TIME OF LATEST TRANSACTION
control field 20260410162048.0
008 - FIXED-LENGTH DATA ELEMENTS--GENERAL INFORMATION
fixed length control field 260409a
100 1# - MAIN ENTRY--PERSONAL NAME
Personal name Santacruz, Lidia M.
245 10 - TITLE STATEMENT
Title Bienes personales: adecuaciones positivas y negativas
773 0# - HOST ITEM ENTRY
Title Impuestos
Related parts - N° 118 (feb. 2022)
Record control number REV45175

No hay ítems disponibles.